| 000 | 00964nam a2200241 i 4500 | ||
|---|---|---|---|
| 001 | 59685 | ||
| 003 | ES-MaACL | ||
| 005 | 20250721193127.0 | ||
| 007 | t| | ||
| 008 | 031030s1971 sp ||||1| spa d | ||
| 080 | _a616.89 | ||
| 245 | 0 | 3 |
_aLa enfermedad psiquiátrica en la práctica médica general / _cpor Michael Shepherd ... [et al.] ; [traducido por Amparo Boronat]. |
| 260 |
_aMadrid : _bPatronato Nacional de Asistencia Psiquiátrica, _c1971. |
||
| 300 |
_a230 p. : _bil. ; _c24 cm. |
||
| 490 | 1 | _aPublicaciones del Patronato Nacional de Asistencia Psiquiátrica. Monografías | |
| 650 | 7 |
_aEnfermedades mentales _2embne _912263 |
|
| 700 | 1 |
_aShepherd, Michael. _9106089 |
|
| 700 | 1 |
_aBoronat, Amparo. _930534 |
|
| 710 | 2 |
_aPatronato Nacional de Asistencia Psiquiátrica (España) _96191 |
|
| 830 | 1 |
_aPublicaciones del Patronato Nacional de Asistencia Psiquiátrica. Monografías _9181099 |
|
| 852 |
_aES-MaACL _jC-47457 |
||
| 999 |
_c59685 _d59685 |
||